A-t-on encore besoin des think tanks aujourd’hui ? (notice n° 1606542)
[ vue normale ]
| 000 -LEADER | |
|---|---|
| fixed length control field | 00725cam a2200217 4500500 |
| 005 - DATE AND TIME OF LATEST TRANSACTION | |
| control field | 20251228110202.0 |
| 041 ## - LANGUAGE CODE | |
| Language code of text/sound track or separate title | fre |
| 042 ## - AUTHENTICATION CODE | |
| Authentication code | dc |
| 100 10 - MAIN ENTRY--PERSONAL NAME | |
| Personal name | Debray, Charlotte |
| Relator term | author |
| 245 00 - TITLE STATEMENT | |
| Title | A-t-on encore besoin des think tanks aujourd’hui ? |
| 260 ## - PUBLICATION, DISTRIBUTION, ETC. | |
| Date of publication, distribution, etc. | 2025.<br/> |
| 500 ## - GENERAL NOTE | |
| General note | 43 |
| 700 10 - ADDED ENTRY--PERSONAL NAME | |
| Personal name | Demoures, François-Xavier |
| Relator term | author |
| 700 10 - ADDED ENTRY--PERSONAL NAME | |
| Personal name | Méda, Dominique |
| Relator term | author |
| 700 10 - ADDED ENTRY--PERSONAL NAME | |
| Personal name | Peltier, Jérémie |
| Relator term | author |
| 700 10 - ADDED ENTRY--PERSONAL NAME | |
| Personal name | Schmid, Lucile |
| Relator term | author |
| 700 10 - ADDED ENTRY--PERSONAL NAME | |
| Personal name | Bellaredj, Fatima |
| Relator term | author |
| 700 10 - ADDED ENTRY--PERSONAL NAME | |
| Personal name | Maheu, Anna |
| Relator term | author |
| 786 0# - DATA SOURCE ENTRY | |
| Note | La Tribune Fonda | 267 | 3 | 2025-09-29 | p. 18-23 | 1155-3626 |
| 856 41 - ELECTRONIC LOCATION AND ACCESS | |
| Uniform Resource Identifier | <a href="https://shs.cairn.info/revue-la-tribune-fonda-2025-3-page-18?lang=fr&redirect-ssocas=7080">https://shs.cairn.info/revue-la-tribune-fonda-2025-3-page-18?lang=fr&redirect-ssocas=7080</a> |
Pas d'exemplaire disponible.




Réseaux sociaux